• 首页
  • 本馆介绍
  • 公告通知
  • 最新文献
  • 馆藏检索
  • 电子资源
  • 读者导购
  • 参考咨询
  • 我的图书馆
  • 登录
  • 详细信息显示
  • 放入我的书架
  • 预约/预借图书
  • 作者相关作品
  • 分类相关作品
  • 丛书相关作品
  • 出版社相关作品

书目信息

  • 表格格式
  • 工作单格式
  • 卡片格式
题名:
新常态改变中国2.0
    
 
作者: 希拉里 , 基辛格 , 保尔森 口述 ;胡舒立 , 王烁 , 黄山 编
分册:  
出版信息: 北京   中国文史出版社  2015
页数: 334页
开本: 24cm
丛书名: 财新丛书
单 册:
中图分类: F11-53
科图分类:
主题词: 世界经济--Shi Jie Jing Ji--文集
电子资源:
ISBN: 978-7-5034-6497-3
000 01498nam 2200349 450
001 1662307918
005 20150804092034.4
010    @a978-7-5034-6497-3@dCNY45.00
100    @a20150804d2015 em y0chiy50 ea
101 0  @achi
102    @aCN@b110000
105    @ay z 000yy
106    @ar
200 1  @a新常态改变中国2.0@AXin Chang Tai Gai Bian Zhong Guo 2.0@d= Global trends and China opportunities@e全球走势与中国机遇@f胡舒立, 王烁, 黄山等编@g(美) 希拉里, 基辛格, 保尔森等口述@zeng
210    @a北京@c中国文史出版社@d2015
215    @a334页@d24cm
225 2  @a财新丛书@ACai Xin Cong Shu
330    @a这本书是财新传媒近年对全球高端政要的专访录结集,访谈对象涵盖美欧、亚非拉各国官员首脑及世界组织的领袖人物,包括美国国务卿希拉里、前国务卿基辛格、意大利总理蒙蒂、俄罗斯第一副总理舒瓦洛夫、新加坡总理李显龙、国际货币基金组织总裁拉加德等。每一篇专访都曾聚焦国内外各界的关注。
333    @a经济学研究人员。
410  0 @12001 @a财新丛书
510 1  @aGlobal trends and China opportunities@zeng
517 1  @a全球走势与中国机遇@AQuan Qiu Zou Shi Yu Zhong Guo Ji Yu
606 0  @a世界经济@AShi Jie Jing Ji@j文集
690    @aF11-53@v5
701  1 @a希拉里@AXi La Li@g(Clinton, Hillary)@4口述
701  1 @a基辛格@AJi Xin Ge@g(Kissinger, Henry)@4口述
701  1 @a保尔森@ABao Er Sen@g(Paulson, Henry)@4口述
702  0 @a胡舒立@AHu Shu Li@4编
702  0 @a王烁@AWang Shuo@4编
702  0 @a黄山@AHuang Shan@4编
801  0 @aCN@b江苏新华@c20150511
905    @aBZT@dF11-53@e45
    
    新常态改变中国2.0= Global trends and China opportunities:全球走势与中国机遇/胡舒立, 王烁, 黄山等编/(美) 希拉里, 基辛格, 保尔森等口述.-北京:中国文史出版社,2015
    334页;24cm.-(财新丛书)
    使用对象:经济学研究人员。
    
    ISBN 978-7-5034-6497-3:CNY45.00
    这本书是财新传媒近年对全球高端政要的专访录结集,访谈对象涵盖美欧、亚非拉各国官员首脑及世界组织的领袖人物,包括美国国务卿希拉里、前国务卿基辛格、意大利总理蒙蒂、俄罗斯第一副总理舒瓦洛夫、新加坡总理李显龙、国际货币基金组织总裁拉加德等。每一篇专访都曾聚焦国内外各界的关注。
●
相关链接 在五车中查询图书 在当当中查询图书 在豆瓣中查询图书


正题名:新常态改变中国2.0     索取号:F11-53/45         预约/预借

序号 登录号 条形码 馆藏地/架位号 状态 备注
1 799350   2000799350   第二书库/ [索取号:F11-53/45] 在馆    
2 799351   2000799351   第二书库/ [索取号:F11-53/45] 在馆    
3 799352   2000799352   第二书库/ [索取号:F11-53/45] 在馆    
山东省滨州职业学院图书馆 欢迎您!
大连网信软件有限公司© 版权所有